000 00446nam a2200145Ia 4500
008 200903s9999 xx 000 0 und d
020 _a978-981-48-4618-9
100 _aZill, Dennis G.
245 _cDennis G. Zill
_aDifferential equations with boundary-value problems/
250 _a9th ed.
260 _aSingapore:
_bCengage Learning Asia Pte Ltd.
_c2019
300 _ax, 559 pages
_c25 cm.
500 _aIncludes index
650 _aMathematics
999 _c364049
_d364049